DAILY JOY : 365 inspirations for a happy life and home (Record no. 26079)

MARC details
000 -BAŞLIK
Sabit Uzunluktaki Kontrol Alanı 00564nam a2200193 4500
003 - KONTROL NUMARASI KİMLİĞİ
Kontrol Alanı KOHA_MİRAKIL
005 - EN SON İŞLEM TARİHİ ve ZAMANI
Kontrol Alanı 20260415083841.0
008 - SABİT UZUNLUKTAKİ VERİ ÖGELERİ - GENEL BİLGİ
Sabit Alan 260415b tu ||||| |||| 00| 0 tur d
020 ## - ISBN - ULUSLARARASI STANDART KİTAP NUMARASI
Isbn 9780789344274
040 ## - KATALOGLAMA KAYNAĞI
Özgün Kataloglama Kurumu DLC
Kataloglama Dili eng
041 ## - DİL KODU
Metin ya da ses kaydının dil kodu eng
050 0# - SINIFLAMA ve YER NUMARASI
Sınıflama Numarası TX 724.5
Yer Numarası .H47 2025
100 ## - KİŞİ ADI
Yazar Adı (Kişi adı) Hess, Kerrie.
245 10 - ESER ADI BİLDİRİMİ
Başlık DAILY JOY : 365 inspirations for a happy life and home
260 ## - YAYIN, DAĞITIM, VB.
Yayın Yeri New York :
Yayınevi Rizzolli,
Yayın Tarihi 2025.
300 ## - FİZİKSEL TANIMLAMA
Sayfa, cilt vb.sayısı 303 p.
Diğer fiziki detaylar ill.
Boyutları 21 cm
650 #0 - KONU BAŞLIĞI EK GİRİŞ - KONU TERİMİ
Konusal terim veya coğrafi ad Interior decoration --Design.
9 (RLIN) 14448
Genel Alt Konu Psychological aspects.
942 ## - EK GİRİŞ ÖGELERİ (KOHA)
Sınıflama Kaynağı veya Raf Düzeni Library of Congress Classification
Koha item type Books
Holdings
Geri Çekilme Durumu Kayıp Durumu Sınıflandırma Kaynağı Hasarlı Durumu Kredi için değil Kalıcı Konum Mevcut Konum Alındığı Tarih Toplam Ödünçverme Yer Numarası Demirnaş Numarası Son Görülme Tarihi Fatura Tarihi Materyal Türü
    Library of Congress Classification     Vitali Hakko Kreatif Endüstriler Kütüphanesi Vitali Hakko Kreatif Endüstriler Kütüphanesi 04/15/2026   TX 724.5 .H47 2025 014463 04/15/2026 04/15/2026 Books